[Event "FIN-chT1A 1112"]
[Site "Finland"]
[Date "2011.11.20"]
[Round "4.2"]
[White "Peltomaki, Jarmo"]
[Black "Honkanen, Marko"]
[Result "0-1"]
[WhiteElo "2060"]
[BlackElo "2075"]
[PlyCount "118"]
[EventDate "2011.09.17"]
[EventType "team-tourn"]
[EventRounds "7"]
[EventCountry "FIN"]
[SourceTitle "EXT 2019"]
[Source "ChessBase"]
[SourceDate "2018.10.10"]
[SourceVersion "1"]
[SourceVersionDate "2018.10.10"]
[SourceQuality "1"]
[WhiteTeam "Vaasa VSS"]
[BlackTeam "Helsinki KSK"]
[WhiteTeamCountry "FIN"]
[BlackTeamCountry "FIN"]

1. d4 d5 2. Bf4 Nf6 3. e3 e6 4. Bd3 Be7 5. Nd2 Nbd7 6. h3 c5 7. c3 Qb6 8. Qb3 c4 9. Qxb6 axb6 10. Bc2 b5 11. Ne2 b4 12. 0-0 0-0 13. e4 Nb6 14. Bg5 dxe4 15. Bxf6 gxf6 16. Bxe4 Rd8 17. Nf3 f5 18. Bc2 Nd5 19. Ne5 b5 20. Nc6 Rd7 21. cxb4 Nxb4 22. Nxb4 Bxb4 23. a3 Be7 24. Nc3 Rxd4 25. Nxb5 Rd2 26. Rac1 Rb8 27. a4 Bd7 28. Rfd1 Rxd1+ 29. Bxd1 Bxb5 30. axb5 Rxb5 31. Rxc4 Rxb2 32. Kf1 Kg7 33. Rc2 Rb1 34. Ke2 h5 35. Ra2 Bc5 36. Rc2 Bxf2 37. Rd2 Bg3 38. Ke3 e5 39. Rd7 Kg6 40. Be2 h4 41. Bc4 Re1+ 42. Kd2 f6 43. Rd8 Rg1 44. Bd5 e4 45. Rg8+ Kh6 46. Be6 Rxg2+ 47. Ke3 Rf2 48. Rh8+ Kg7 49. Rh5 Kg6 50. Rh8 Rf3+ 51. Ke2 f4 52. Rg8+ Kh7 53. Rf8 Rf2+ 54. Kd1 e3 55. Bg4 f3 56. Rxf6 e2+ 57. Kd2 Rf1 58. Bf5+ Kg7 59. Re6 e1Q+ 0-1

[Event "FIN-chT1A 1112"]
[Site "Finland"]
[Date "2011.11.19"]
[Round "3.2"]
[White "Koykka, Pekka"]
[Black "Honkanen, Marko"]
[Result "1-0"]
[WhiteElo "2217"]
[BlackElo "2075"]
[PlyCount "63"]
[EventDate "2011.09.17"]
[EventType "team-tourn"]
[EventRounds "7"]
[EventCountry "FIN"]
[SourceTitle "EXT 2019"]
[Source "ChessBase"]
[SourceDate "2018.10.10"]
[SourceVersion "1"]
[SourceVersionDate "2018.10.10"]
[SourceQuality "1"]
[WhiteTeam "Tampere Tammer II"]
[BlackTeam "Helsinki KSK"]
[WhiteTeamCountry "FIN"]
[BlackTeamCountry "FIN"]

1. c4 c6 2. d4 d5 3. Nf3 Nf6 4. Qb3 g6 5. Bf4 Bg7 6. e3 0-0 7. Nc3 Qa5 8. Nd2 Nbd7 9. h3 Ne4 10. cxd5 Nxd2 11. Kxd2 c5 12. Qb5 Qd8 13. dxc5 a6 14. Qb4 b6 15. c6 a5 16. Qe4 Nc5 17. Qf3 e5 18. Bg3 e4 19. Qd1 f5 20. Bc4 g5 21. Qh5 f4 22. exf4 gxf4 23. Bh4 Qd6 24. Nb5 e3+ 25. Kc2 Qg6+ 26. Qxg6 hxg6 27. d6+ Be6 28. Bxe6+ Nxe6 29. Be7 Rf7 30. c7 Be5 31. Rad1 Rc8 32. d7 1-0

[Event "FIN-chT1B 0708"]
[Site "Finland"]
[Date "2008.02.09"]
[Round "6.2"]
[White "Tuomala, Tapio"]
[Black "Honkanen, Marko"]
[Result "1-0"]
[WhiteElo "2210"]
[BlackElo "2069"]
[PlyCount "79"]
[EventDate "2007.09.15"]
[EventType "team-tourn"]
[EventRounds "7"]
[EventCountry "FIN"]
[SourceTitle "EXT 2022"]
[Source "ChessBase"]
[SourceDate "2021.10.06"]
[SourceVersion "1"]
[SourceVersionDate "2021.10.06"]
[SourceQuality "1"]
[WhiteTeam "Vantaa EtVaS II"]
[BlackTeam "Helsinki KapSK"]
[WhiteTeamCountry "FIN"]
[BlackTeamCountry "FIN"]

1. e4 e6 2. d4 d5 3. Nd2 Nf6 4. e5 Nfd7 5. Bd3 c5 6. c3 Nc6 7. Ne2 cxd4 8. cxd4 f6 9. exf6 Nxf6 10. Nf3 Bd6 11. 0-0 Qc7 12. Nc3 a6 13. Re1 0-0 14. Bg5 h6 15. Bh4 Nh5 16. Rc1 Qf7 17. Bf1 g5 18. Bg3 Nxg3 19. fxg3 g4 20. Ne5 Bxe5 21. dxe5 Qg7 22. Na4 h5 23. Nb6 Rb8 24. Qd2 Rf5 25. Nxc8 Rxc8 26. Bd3 Rf7 27. b4 Rcf8 28. Qc3 Rf2 29. a4 Qg5 30. b5 axb5 31. axb5 d4 32. Qc4 Nd8 33. Qxd4 Qd2 34. Qe4 R8f5 35. Rcd1 Qa5 36. Bc4 Kh8 37. Qd4 Rf8 38. Qe3 Qc7 39. Qh6+ Kg8 40. Qg6+ 1-0

[Event "Helsinki Munukka 40"]
[Site "Helsinki"]
[Date "2005.??.??"]
[Round "1.8"]
[White "Mustonen, Ilkka"]
[Black "Honkanen, Marko"]
[Result "0-1"]
[WhiteElo "2135"]
[BlackElo "2034"]
[PlyCount "126"]
[EventDate "2005.??.??"]
[EventType "swiss"]
[EventRounds "7"]
[EventCountry "FIN"]
[SourceTitle "EXT 2022"]
[Source "ChessBase"]
[SourceDate "2021.10.06"]
[SourceVersion "1"]
[SourceVersionDate "2021.10.06"]
[SourceQuality "1"]

1. e4 e6 2. d4 d5 3. e5 c5 4. c3 Nc6 5. Nf3 Bd7 6. Bd3 cxd4 7. cxd4 Qb6 8. 0-0 Nxd4 9. Nxd4 Qxd4 10. Qe2 Ne7 11. Nc3 a6 12. Kh1 Nc6 13. f4 Nb4 14. Bb1 Qc4 15. Qxc4 dxc4 16. Be3 Bc6 17. f5 Nd5 18. Nxd5 Bxd5 19. fxe6 fxe6 20. Bb6 Rc8 21. Bc2 Bc5 22. Ba4+ Ke7 23. Bxc5+ Rxc5 24. Bc2 g6 25. h4 Rf8 26. h5 gxh5 27. Bxh7 Bc6 28. Rxf8 Kxf8 29. Re1 Kg7 30. Bc2 Kh6 31. Kh2 Rd5 32. Re2 Kg5 33. Kg3 Rd4 34. Rf2 b5 35. Bh7 Be4 36. Bg8 Rd3+ 37. Kh2 Bf5 38. Bf7 Re3 39. Rd2 Rxe5 40. Rd6 Re2 41. Rxa6 Rxb2 42. Bxe6 Be4 43. Rb6 Rxg2+ 44. Kh3 Rb2 45. Bxc4 Bf5+ 46. Kg3 h4+ 47. Kf3 Rb4 48. Bd5 Rf4+ 49. Ke3 b4 50. Rb8 Rg4 51. Bf3 Rc4 52. Bd5 Rc3+ 53. Kf2 Rc2+ 54. Ke3 h3 55. Rxb4 h2 56. a4 Bh3 57. Rb1 Bg2 58. Bxg2 Rxg2 59. Rh1 Kg4 60. Kd4 Rc2 61. Kd3 Ra2 62. a5 Kg3 63. Kc4 Rxa5 0-1

[Event "Helsinki Munukka 40"]
[Site "Helsinki"]
[Date "2005.??.??"]
[Round "4.6"]
[White "Raisanen, Kim"]
[Black "Honkanen, Marko"]
[Result "1-0"]
[WhiteElo "1999"]
[BlackElo "2034"]
[PlyCount "89"]
[EventDate "2005.??.??"]
[EventType "swiss"]
[EventRounds "7"]
[EventCountry "FIN"]
[SourceTitle "EXT 2022"]
[Source "ChessBase"]
[SourceDate "2021.10.06"]
[SourceVersion "1"]
[SourceVersionDate "2021.10.06"]
[SourceQuality "1"]

1. e4 e6 2. d4 d5 3. Nc3 Bb4 4. Nge2 dxe4 5. a3 Be7 6. Nxe4 Nf6 7. N2g3 Nbd7 8. Be3 b6 9. Qf3 Rb8 10. Nh5 Nxh5 11. Qxh5 Nf6 12. Nxf6+ Bxf6 13. 0-0-0 Qd5 14. Qxd5 exd5 15. Bf4 Kd8 16. Be2 h6 17. Bf3 Be6 18. Be5 Rc8 19. Bxf6+ gxf6 20. Rhe1 Kd7 21. Re3 Rhg8 22. g3 Kd6 23. Bh5 Rg5 24. Be2 Bf5 25. Rf3 Re8 26. Bd3 Bxd3 27. Rdxd3 Re6 28. Kd2 Rg4 29. c3 Rge4 30. Rde3 Rg4 31. Kd3 Rxe3+ 32. Rxe3 Rg8 33. Rf3 Ke6 34. Re3+ Kd6 35. c4 dxc4+ 36. Kxc4 a6 37. Kd3 Rc8 38. Rf3 Ke6 39. Ke4 c6 40. Rb3 Rb8 41. Rc3 Rc8 42. Rxc6+ Rxc6 43. d5+ Kd6 44. dxc6 Kxc6 45. Kf5 1-0